[Event "81st ARM-ch 1st League 2021"]
[Site "Yerevan"]
[Date "2021.02.01"]
[Round "10.4"]
[White "Davtyan, Artur"]
[Black "Vardanian, Haik G."]
[Result "1-0"]
[WhiteElo "2466"]
[BlackElo "2389"]
[Annotator "TA"]
[PlyCount "81"]
[EventDate "2021.01.20"]
[EventType "tourn"]
[EventCountry "ARM"]

{[%evp 12,81,15,13,39,34,35,30,25,26,25,20,38,39,93,86,81,72,86,92,81,56,56,47,42,45,42,40,44,37,50,46,55,41,38,29,28,7,27,24,61,57,58,45,50,77,31,20,12,12,117,119,232,226,193,186,604,600,625,613,602,552,626,598,804,765,815,785,779,774,1014,984]} 1. d4 Nf6 2. c4 e6 3. Nf3 Bb4+ 4. Bd2 a5 5. g3 O-O 6. Bg2 d5 7. Qc2 {is now debated instead of 7.0-0.} dxc4 {E11: Bogo-Indian.} 8. Qxc4 Bxd2+ 9. Nbxd2 b6 {White has an edge.} 10. Rc1 Ra7 11. Qc2 Ba6 12. Nc4 {[#]} c5 $146 (12... Bb7 $14) ({Predecessor:} 12... Bb7 13. Qd2 Ne4 14. Qe3 Nd6 15. Nxd6 cxd6 16. O-O Nd7 17. Nd2 Bxg2 18. Kxg2 Nf6 {½-½ (33) Shulman,B (2440)-Perez Rodriguez,R (2385) ICCF email 2018}) 13. dxc5 $16 bxc5 14. Nfe5 Qc7 15. O-O Nfd7 16. Nxd7 Nxd7 17. Rfd1 Bxc4 18. Qxc4 Rb8 19. Rd2 h6 20. Qa4 Rb4 21. Qc2 Rb8 22. h3 a4 23. a3 Ra5 24. Rcd1 Nf6 25. Bf3 h5 26. Qc4 Rab5 27. Qxa4 Rxb2 28. Rxb2 Rxb2 29. Rc1 g6 30. Kf1 Nd7 (30... e5 $11) 31. Qc6 $1 {[%cal Rc6c7]} Qa7 (31... Qxc6 $16 {is a better defense.} 32. Bxc6 Nb8 33. Rxc5 Nxc6 34. Rxc6 Rb3) 32. Rd1 $1 $18 {[%cal Rd1d7]} Nf8 {[#]} 33. Rd8 $1 $36 {[%mdl 2048] Black is under strong pressure.} Qe7 {[#]} (33... Rb8 34. Rxb8 Qxb8) 34. Re8 $1 {[%cal Re8e7] White is clearly winning.} Qg5 35. Qd6 Qh6 36. Qxc5 h4 37. gxh4 Rb1+ 38. Kg2 Ra1 39. Ra8 Rd1 40. a4 {[%cal Ba3a4,Ba4a5][%mdl 32]} Rd7 41. a5 {Weighted Error Value: White=0.03/Black=0.33} 1-0

[Event "81st ARM-ch 1st League 2021"]
[Site "Yerevan"]
[Date "2021.02.01"]
[Round "10.5"]
[White "Babujian, Levon"]
[Black "Melkonyan, Arshak"]
[Result "1-0"]
[WhiteElo "2440"]
[BlackElo "2079"]
[Annotator "TA"]
[PlyCount "93"]
[EventDate "2021.01.20"]
[EventType "tourn"]
[EventCountry "ARM"]

{[%evp 16,93,20,14,20,20,13,16,54,46,50,53,58,2,28,4,14,-31,48,-43,-27,-9,-14,-3,-21,-16,-14,-26,-29,-56,-16,-110,-20,-126,-121,-145,-139,-184,-182,-160,-132,-144,-133,-144,-155,-129,-111,-102,-94,-151,-146,-518,0,-173,-156,-177,-159,-171,-139,-215,0,0,0,0,536,507,1074,1036,1086,992,29984,29982,29989,29990,29990,29991,29991,29992,29992,29993]} 1. c4 c6 2. e4 d5 3. exd5 cxd5 4. d4 Nf6 5. Nc3 Nc6 6. Nf3 Be6 7. c5 g6 8. Bb5 Bg7 9. Ne5 Bd7 {B13: Caro-Kann: Exchange Variation and Panov-Botvinnik Attack.} 10. O-O O-O 11. Re1 {[#]} Qc8 $146 {The position is equal.} ({Predecessor:} 11... a6 12. Bxc6 Bxc6 13. Na4 Bxa4 14. Qxa4 Rc8 15. f3 Rc7 16. Bd2 Nd7 17. Ba5 Nxe5 18. dxe5 {½-½ (28) Khenkin,I (2575)-Van den Doel,E (2557) Bad Homburg 2016}) 12. Bg5 Re8 13. a4 a6 14. Bf1 (14. Bxc6 $14 bxc6 15. a5 (15. Nxd7 Qxd7 16. Rc1 Rab8 $11)) 14... Bf5 15. Nxc6 bxc6 16. b4 h6 ({Better is} 16... Qb8 $15) 17. Be3 (17. Bf4 $14) 17... Ng4 {White must now prevent ...Qb8!} 18. Bf4 e5 19. dxe5 Nxe5 20. Rc1 Nc4 21. h3 g5 $36 {[%mdl 2048] Black has some pressure.} 22. Bg3 Qb7 23. b5 (23. Rxe8+ $11 {remains equal.} Rxe8 24. b5 Bxc3 25. Rxc3 axb5 26. axb5 cxb5 27. Qd4) 23... axb5 ({Black should play} 23... Rxe1 $17 24. Qxe1 axb5 25. axb5 cxb5) 24. axb5 (24. Rxe8+ $11 Rxe8 25. axb5 Bxc3 26. Rxc3 Qxb5 27. Qc1) 24... Rxe1 $17 ({And not} 24... cxb5 25. Qxd5 Qxd5 26. Nxd5 $16) 25. Qxe1 {aiming for bxc6.} cxb5 {[%cal Bc6b5,Bb5b4][%mdl 32]} 26. Qd1 {[#]} Be6 27. Qb3 b4 28. Nxd5 Bxd5 29. Bxc4 Bxg2 30. Kh2 Bc6 31. Qd3 Be4 32. Qe3 (32. Qd6 $142) 32... Ra3 33. Qd2 {[%mdl 8192]} (33. Bb3 $17) 33... Ra8 $2 (33... Rc3 $19 34. f3 Bxf3) 34. Bb3 $2 (34. Qe3 $1 $11) 34... Bc3 $19 35. Qd6 Ra6 36. Qd8+ {[#]} Kg7 $1 {Hoping for ...Bf6.} ({Don't play} 36... Kh7 37. Qe8 $17) 37. Rd1 (37. Bc4 $17 {keeps fighting.} Ra8 38. Qd6) 37... Ra1 $2 (37... Bf6 $19 38. Qd2 Ra3) 38. Rxa1 $11 Bxa1 39. Bd6 {And now Qf8+ would win.} Kh7 $2 {[%mdl 8192]} (39... Bh1 $11 {and Black has nothing to worry.} 40. Qf8+ Kg6) 40. Qe8 $18 Bg6 (40... Kg7 $142 41. Qf8+ Kg6 42. Qg8+ Kf6 43. Qh8+ {[%mdl 64] Double Attack} Kg6 44. Qg8+ Kf6 45. Qh8+ {[%mdl 64] Double Attack} Kg6 46. Qg8+) 41. c6 Qa7 42. Bg3 Bf5 43. c7 {White mates.} Qc5 44. Qxf7+ Bg7 45. Qg8+ Kg6 46. Qe8+ Kh7 47. Bg8+ {Weighted Error Value: White=0.50/Black=0.64} 1-0

[Event "81st ARM-ch 1st League 2021"]
[Site "Yerevan"]
[Date "2021.02.01"]
[Round "10.6"]
[White "Barseghyan, Armen Ar."]
[Black "Harutyunian, Tigran K."]
[Result "0-1"]
[WhiteElo "2362"]
[BlackElo "2549"]
[Annotator "TA"]
[PlyCount "136"]
[EventDate "2021.01.20"]
[EventType "tourn"]
[EventCountry "ARM"]

{[%evp 9,136,28,34,29,29,13,31,13,31,22,28,4,13,0,16,0,4,14,14,0,0,-11,0,-6,0,-43,5,5,-2,-66,-54,-61,-62,-62,-54,-58,-56,-86,-89,-83,-79,-88,-85,-85,-77,-87,-77,-110,-97,-97,-67,-155,-129,-160,-157,-155,-151,-154,-152,-139,-157,-175,-175,-175,-170,-184,-160,-174,-178,-173,-154,-178,-127,-126,-122,-138,-123,-207,-203,-256,-237,-237,-254,-313,-313,-376,-376,-360,-357,-1006,-687,-865,-495,-1035,-459,-522,0,-939,-896,-1604,-1614,-1585,-1603,-1614,-1604,-1215,-1614,-1614,-1379,-1614,-1604,-1619,-1619,-1619,-1604,-1610,-1604,-1571,-1571,-1521,-1404,-1284,-568,-4215,-1602,-4626,-1087,-29992,-29993]} 1. Nf3 d5 2. g3 Nd7 3. d4 Nb6 4. Bg2 Bf5 5. O-O e6 6. Nbd2 {D02: 1 d4 d5 2 Nf3 sidelines, including 2...Nf6 3 g3 and 2...Nf6 3 Bf4.} Nf6 7. b3 Be7 8. Bb2 {White is slightly better.} a5 9. c4 h6 10. Rc1 O-O 11. a3 c6 12. Ne5 Nbd7 {[#]} 13. e3 $146 ({Predecessor:} 13. Re1 Qc7 14. Nd3 Rfd8 15. Nf3 Be4 16. Qd2 Qb6 17. Qc3 Rac8 18. c5 Qa6 19. b4 {½-½ (72) Gutkin,I (2203)-Richter,N (2290) Willingen 2020}) 13... Qb6 14. Qe2 Nxe5 15. dxe5 Nd7 16. cxd5 exd5 17. Kh1 Nc5 18. Bd4 {White wants to play Rfe1.} Qa6 19. Qxa6 (19. Qf3 $11 Be4 20. Nxe4 Nxe4 21. a4) 19... Nxa6 $15 20. a4 Ba3 $36 {[%mdl 2048] Black is more active.} 21. Ra1 Bb4 22. Ra2 Nc5 23. Bxc5 Bxc5 24. e4 dxe4 25. Nxe4 Bb4 26. Nd6 Be6 27. Rb2 f6 28. Nxb7 fxe5 29. Bxc6 Rac8 30. Bg2 (30. Be4 $15) 30... Rc7 31. Re2 {Black should prevent Nxa5!} Bc8 ({Don't take} 31... Bxb3 32. Rxe5 Bxa4 33. Nxa5 $15) 32. Nxa5 Bxa5 33. Rxe5 Bc3 34. Re3 Bd4 35. Rd3 Bxf2 {aiming for ...Ba6.} 36. Bd5+ Kh8 {Hoping for ...Ba6.} 37. Rd2 {[#]} Bc5 38. Rxf8+ Bxf8 39. Kg2 Bb4 40. Re2 Bb7 ({Better is} 40... Bd7 $19 41. Kf3 g5) 41. Bxb7 $17 Rxb7 {[%mdl 4096] Endgame KRB-KR} 42. Re3 Kh7 43. h4 (43. Kf3 $17 {only move.}) 43... Kg6 $19 44. Rf3 Rc7 45. Rf4 Rc2+ 46. Kh3 Bd6 47. Rf3 Rb2 48. Rd3 Be5 49. Rd5 $2 (49. Rf3) 49... Kf5 {[#] Threatens to win with ...g5.} 50. Rb5 Rc2 51. a5 (51. h5 $142 Rc3 52. Kh2) 51... Rc3 (51... g5 $142 {[%csl Gf5][%cal Rg5g4]} 52. Rb4 Ra2) 52. Kh2 Rc2+ (52... g5 $142 53. hxg5 hxg5) 53. Kh3 g5 54. hxg5 hxg5 {( -> ...g4+)} 55. Rb4 Rc3 56. Kg2 Rxg3+ 57. Kf1 Rc3 58. Ra4 Rxb3 59. a6 Rb8 60. a7 Ra8 61. Ra5 Ke6 62. Kg2 Bf4 63. Ra6+ Kd7 64. Rf6 Kc7 65. Rf7+ Kb6 66. Rg7 Rxa7 67. Rg6+ Kc5 68. Rxg5+ Bxg5 {Weighted Error Value: White=0.41/Black=0.34} 0-1

[Event "81st ARM-ch 1st League 2021"]
[Site "Yerevan"]
[Date "2021.02.01"]
[Round "10.7"]
[White "Yeremyan, Alen"]
[Black "Shahinyan, David"]
[Result "0-1"]
[WhiteElo "2274"]
[BlackElo "2452"]
[Annotator "TA RC"]
[PlyCount "96"]
[EventDate "2021.01.20"]
[EventType "tourn"]
[EventCountry "ARM"]
[SourceTitle "playchess.com"]
[Source "ChessBase"]
[SourceQuality "1"]

{[%evp 11,96,0,1,0,0,0,-4,-31,-24,-26,-22,-28,-27,-37,-45,-32,0,-18,-13,-16,-11,-21,-14,-66,-25,-31,-14,-6,-11,-10,-16,-9,0,0,0,0,0,-10,-14,-62,-65,-58,-56,-55,-61,-58,-58,-70,-75,-115,-111,-112,-106,-125,-114,-141,-148,-144,-124,-149,-149,-153,-90,-272,-302,-299,-286,-417,-417,-417,-413,-408,-408,-408,-400,-602,-596,-560,-556,-4133,-4570,-1960,-1539,-1799,-1331,-1257,-535]} 1. Nf3 g6 2. g3 Bg7 3. Bg2 e5 4. d3 d5 5. O-O Nc6 6. e4 Nge7 7. Nc3 {7.exd5 is more fashionable. A07: Réti Opening: New York and Capablanca Systems.} dxe4 8. dxe4 Bg4 9. Qxd8+ {The position is equal.} (9. Nb5 {seems wilder.} Qc8 10. c3 f6 11. Na3 Qe6 12. Be3) 9... Rxd8 {[#]} 10. h3 $146 ({Predecessor:} 10. Nb5 Rd7 11. c3 Be6 12. Re1 h6 13. h4 O-O 14. h5 gxh5 15. Nh4 Kh7 16. f4 {0-1 (56) Barlov,D (2410)-Vaisser,A (2475) Sochi 1984}) 10... Be6 11. Bd2 O-O 12. Rfd1 h6 13. Be3 a6 (13... Nd4 {with more complications.} 14. Ne1 b6 15. a4 Rd7 16. a5 f5) 14. a3 Nd4 15. Bxd4 exd4 16. Ne2 {[%cal Re2d4]} c5 17. Rac1 ({Better is} 17. Nf4 $11) 17... Nc6 (17... g5 {is interesting.} 18. Ne1 b6 19. b3 Rfe8 20. Nd3 a5) 18. Nf4 c4 19. Nxe6 fxe6 20. e5 b5 21. b3 Rf7 22. bxc4 bxc4 23. Rb1 Rc7 ({Wrong is} 23... Bxe5 $2 24. Rb6 $18) 24. Rb6 Kf7 25. Kh1 d3 26. cxd3 Nxe5 27. Nxe5+ Bxe5 28. Be4 c3 29. Rc1 Bd4 30. Rb3 Rcc8 31. Rb7+ Kf6 32. Kg2 Rb8 33. Rc7 Rb2 34. Rf1 Rd2 35. h4 Rb8 $1 36. Rc4 {[#]} e5 ({Black should play} 36... c2 $1 {Hoping for ...Bb2.} 37. Rxd4 Rb1) 37. Rc6+ $2 {Now White is beyond hope.} (37. g4 $17) 37... Ke7 $19 38. Kh3 Rbb2 39. Kg4 (39. Rxg6 $142 c2 40. Rc1) 39... Rxf2 40. Rxf2 Rxf2 {[%mdl 4096] Endgame KRB-KRB} 41. Bd5 {and the idea Bb3 leaves White hopeful.} h5+ 42. Kh3 Rb2 43. Be4 (43. Re6+ $142 Kd7 44. Rxa6) 43... c2 {Black is clearly winning.} 44. Bxg6 Be3 45. d4 c1=Q 46. Rxc1 Bxc1 47. dxe5 Rb3 48. Bxh5 Bf4 {Weighted Error Value: White=0.47/Black=0.13} 0-1

[Event "81st ARM-ch 1st League 2021"]
[Site "Yerevan"]
[Date "2021.02.02"]
[Round "11.1"]
[White "Shahinyan, David"]
[Black "Sargsyan, Anna M."]
[Result "0-1"]
[WhiteElo "2452"]
[BlackElo "2402"]
[Annotator "TA"]
[PlyCount "114"]
[EventDate "2021.01.20"]
[EventType "tourn"]
[EventCountry "ARM"]
[SourceTitle "playchess.com"]
[Source "ChessBase"]
[SourceQuality "1"]

{[%evp 13,114,37,35,22,30,18,45,46,35,29,46,39,75,30,70,57,66,60,58,54,117,98,148,110,237,245,235,87,174,0,0,0,0,-18,0,0,0,-33,-33,-32,-31,-26,-19,-17,-23,-50,0,-38,-30,-54,-28,-41,0,0,0,0,0,-108,-100,-156,-152,-237,-252,-245,-232,-283,-282,-274,-162,-354,-377,-347,-271,-262,-250,-242,-220,-232,-237,-234,-222,-257,-239,-275,-273,-329,-322,-364,-381,-492,-492,-594,-541,-1521,-1338,-1033,-1022,-29955,-11605,-29988,-29989,-29989,-29990]} 1. e4 e5 2. Nf3 Nc6 3. d4 exd4 4. Bc4 Nge7 5. Nxd4 Nxd4 6. Qxd4 Nc6 7. Qd5 Qf6 8. Bg5 {C45: Scotch Game.} Qg6 9. O-O d6 {[#] ...Be6 is the strong threat.} 10. Bb5 {White is slightly better.} Bd7 11. Nc3 a6 12. Ba4 {[#]} h5 $146 ({Predecessor:} 12... f6 13. Bf4 Be7 14. Rfe1 Qf7 15. Qd2 O-O 16. Nd5 Bd8 17. Bg3 Kh8 18. Bb3 Be6 {1-0 (48) Zotova,A (1800)-Oliveira,M (1423) Maribor 2012}) 13. f4 f6 14. Bh4 $36 {[%mdl 2048] White has the initiative.} Qg4 15. g3 O-O-O 16. f5 $1 {And now Kg2 would win.} g5 ({Black should try} 16... Ne7 $14 17. Qd4 Bxa4 18. Qxa4 d5) 17. fxg6 $1 $16 Bh6 18. Bxc6 ({Much less strong is} 18. Rxf6 Ne5 $16) 18... bxc6 (18... Bxc6 $16 {was necessary.} 19. Qf5+ Qxf5 20. Rxf5 Rde8) 19. Qd3 $18 Rde8 20. Rxf6 (20. Bxf6 $18 Rhf8 21. Qxa6+ Kb8 22. Rae1 (22. Bd4 c5 $16)) 20... Kb7 (20... Kb8 $16 {was called for.}) 21. Qf3 $2 (21. Raf1 $18) 21... Qxf3 $11 22. Rxf3 Rhg8 23. Rf6 Bg7 24. Rf7 Be6 25. Rf5 Bd4+ 26. Kg2 Rxg6 27. Rf4 Be5 28. Rf3 Bg4 29. Rf7 Be6 {[%mdl 1024] Black has compensation.} (29... Bxc3 $5 30. bxc3 Rge6 $15) 30. Rf2 Ka7 31. Nd1 Rb8 32. c3 Bc4 (32... Rg4 $5 {[%cal Rg4e4]} 33. Kf3 c5 $15) 33. Rd2 Bf4 34. Rf2 {[%cal Rf2f4]} Bh6 35. Rf5 (35. b3 $11 {remains equal.} Bd3 36. e5) 35... Bd3 $17 36. Rf6 (36. Rf7 $142) 36... Bxe4+ 37. Kg1 (37. Kh3 $17) 37... Rxf6 $19 38. Bxf6 {[#]} c5 39. c4 Rf8 40. Bc3 c6 (40... Bd3 $142 41. b3 Kb7) 41. b4 $2 (41. Be1) 41... cxb4 42. Bxb4 c5 43. Be1 Bd3 44. Bf2 Bxc4 45. Ne3 Bxe3 46. Bxe3 {[%mdl 4096] Endgame KRB-KRB} Kb6 47. Rb1+ Kc6 48. a4 d5 49. a5 {intending Rb6+.} d4 50. Rb6+ Kd5 51. Bf4 Bb5 52. Rd6+ Ke4 53. Kf2 c4 54. Re6+ Kd3 55. Re5 c3 56. Rxh5 c2 57. Rc5 Bc4 {Quite a comeback for Black.  Weighted Error Value: White=0.64/Black=0.16} 0-1

[Event "81st ARM-ch 1st League 2021"]
[Site "Yerevan"]
[Date "2021.02.02"]
[Round "11.2"]
[White "Harutyunian, Tigran K."]
[Black "Yeremyan, Alen"]
[Result "1-0"]
[WhiteElo "2549"]
[BlackElo "2274"]
[Annotator "TA"]
[PlyCount "125"]
[EventDate "2021.01.20"]
[EventType "tourn"]
[EventCountry "ARM"]
[SourceTitle "playchess.com"]
[Source "ChessBase"]
[SourceQuality "1"]

{[%evp 18,125,11,6,7,8,22,10,23,1,2,20,25,0,0,-34,-26,-50,-44,-56,-58,-62,-54,-50,-47,-54,-32,-51,-23,-12,-12,-36,0,-23,0,-122,-49,-127,-130,-134,-8,-10,-15,-226,-210,-765,-216,-218,-133,-138,-62,-67,-47,-130,0,0,0,-184,-75,-75,0,0,375,97,74,72,275,270,265,247,249,256,345,375,3354,3354,1977,1772,29963,29964,29962,29963,29963,29943,29965,29967,29964,29964,29972,29972,29976,29975,29974,29976,29976,29977,29978,29979,29979,29980,29980,29981,29981,29982,29982,29983,29988,29989,29989,29990]} 1. c4 Nf6 2. Nc3 g6 3. g3 Bg7 4. Bg2 O-O 5. e4 d6 6. Nge2 c5 7. O-O Nc6 8. d3 Bd7 9. h3 Ne8 10. Be3 Nd4 {A36: Symmetrical English vs ...g6: 4 Bg2 Bg7.} 11. Rb1 Bc6 12. Qd2 Nc7 {[#] The position is equal.} 13. f4 $146 ({Predecessor:} 13. a3 Nce6 14. b4 Nxe2+ 15. Nxe2 b6 16. h4 Nd4 17. Nxd4 cxd4 18. Bh6 e5 19. Bxg7 Kxg7 20. f4 Qe7 21. Rf2 b5 22. Rbf1 f6 23. Qc1 {½-½ (23) Perelman,H (2335)-Altamirano,B (2240) Buenos Aires 2011}) 13... e6 14. b4 b6 {[%cal Bb7b6,Bb6c5,Bc5d4][%mdl 32]} 15. bxc5 bxc5 16. Bf2 Qd7 17. Nxd4 cxd4 18. Ne2 e5 19. f5 gxf5 20. exf5 Bxg2 21. Kxg2 Qxf5 22. Bxd4 $1 Qg6 (22... Qe6 $5 {[%cal Re5d4]} 23. Be3 d5 $11) 23. Rb7 Ne6 24. Be3 f5 25. Kh2 (25. Rxa7 $2 f4 $19) (25. Bxa7 Bh6 $17) 25... Rae8 26. Bxa7 (26. Rg1 $11) 26... Kh8 (26... f4 $1 $17 27. gxf4 exf4) 27. Nc3 (27. Rd7 $15) 27... f4 $36 {[%mdl 2048] Black is really pushing.} 28. gxf4 Rxf4 ({Black should try} 28... exf4 $17 29. Ne4 f3) 29. Rg1 $11 Ng5 $1 {[%cal Rg5f3]} 30. Kh1 $2 (30. Rxg5 $1 $11 Qxg5 31. Nd5) 30... Qh5 $19 {[%mdl 1024] Black has strong compensation.} 31. Qh2 $2 (31. Rxg5 Qxg5 32. Qg2 Qxg2+ 33. Kxg2) 31... Rf3 $2 (31... Nxh3 32. Rbxg7 Rh4) 32. Rg3 {With the idea Qe2.} Ref8 33. Ne4 Bh6 (33... Nxe4 $17 34. dxe4 Bh6) 34. Rxf3 $15 (34. Nxd6 $2 Rxg3 35. Qxg3 Nxh3 $19) 34... Rxf3 35. Ng3 ({Avoid the trap} 35. Nxd6 $2 Rxh3 36. Qxh3 Qxh3+ $19) ({White should play} 35. Rb8+ $15 Kg7 36. Ng3 (36. Nxd6 $2 Rxh3 37. Qxh3 Qxh3+ $19)) 35... Qg6 ({But not} 35... Qxh3 $2 36. Qxh3 Nxh3 37. Kg2 $18) (35... Qh4 $1 $17 36. Rb8+ Bf8) 36. Qg2 $11 Qxd3 37. Bf2 (37. Rb8+ $11 Bf8 38. Rb3 Qd1+ 39. Qg1) 37... Qxc4 (37... Rf8 $1 $19 {and Black stays clearly on top. Strongly threatening ...Nxh3!} 38. Bg1 Qxc4) 38. Rb8+ $17 Kg7 (38... Rf8 $17 39. Qa8 Qf7 40. Rxf8+ Bxf8) 39. Be3 $1 $11 {[%cal Re3g5] Threatens to win with Bxg5.} Qf7 $2 {[%mdl 8192] [#]} (39... Qh4 $11 {and Black is okay.} 40. Kh2 e4 41. Bxg5 Qxg5 42. Nxe4 Qxg2+ 43. Kxg2 Rd3) 40. Bxg5 $2 (40. h4 $1 $18 {[%cal Rh4g5]} Rxg3 (40... Kg6 41. Qc2+) 41. Qxg3 {[%mdl 64] Pin} Qf3+ 42. Qxf3 Nxf3 43. Rb7+ Kg6 44. Bxh6 Kxh6 45. a4) 40... Bxg5 $16 41. h4 $1 {[%cal Rh4g5]} ({Wrong is} 41. Ne4 $2 Rf1+ 42. Kh2 Qf4+ 43. Qg3 Re1 $1 $19) 41... Rf2 $2 {[#]} 42. Nh5+ $1 $18 {[%mdl 512]} Qxh5 43. Qxf2 {[%mdl 4096] Endgame Qf8+ is the strong threat. KQR-KQB} Bf4 {[#]} 44. Rd8 $1 {And now Qa7+ would win.} Qg6 {[#]} 45. Qg2 $1 Bg3 $2 (45... Kf7 46. Qd5+ Ke7) 46. Rd7+ Kh6 47. Qd2+ Kh5 {[#]} 48. Rxh7+ $1 {[%mdl 512] White mates.} Kg4 49. Qg5+ Qxg5 50. hxg5 Kxg5 {KR-KB} 51. a4 {[%cal Ba2a4,Ba4a5][%mdl 32]} Be1 52. Ra7 e4 53. a5 e3 54. a6 Bc3 55. Re7 Bd4 56. a7 Bxa7 57. Rxa7 {KR-KPP} Kf4 58. Kg2 Ke4 59. Ra4+ Kd3 60. Kf3 d5 61. Ra3+ Kd2 62. Rxe3 d4 63. Ra3 {What a bad dream for Black.  Weighted Error Value: White=0.34/Black=0.59} 1-0

[Event "81st ARM-ch 1st League 2021"]
[Site "Yerevan"]
[Date "2021.02.02"]
[Round "11.3"]
[White "Melkonyan, Arshak"]
[Black "Barseghyan, Armen Ar."]
[Result "0-1"]
[WhiteElo "2079"]
[BlackElo "2362"]
[Annotator "TA"]
[PlyCount "118"]
[EventDate "2021.01.20"]
[EventType "tourn"]
[EventCountry "ARM"]
[SourceTitle "playchess.com"]
[Source "ChessBase"]
[SourceQuality "1"]

{[%evp 16,118,8,9,4,0,0,0,0,-5,6,0,0,0,7,0,0,0,0,0,-1,-7,-12,-14,0,-16,-12,-25,0,0,0,0,0,-9,-4,-41,-30,-52,-19,-15,0,-4,0,-12,-12,-12,-12,-12,-12,-19,-19,-19,-19,-20,-8,-25,-28,-83,0,0,24,-16,-13,-13,-17,-129,-35,-62,-66,-483,-481,-481,-481,-452,-420,-464,-451,-538,-423,-731,-103,-791,-791,-716,-739,-589,-581,-1466,-1436,-29975,-29975,-5695,-4743,-29978,-5691,-5114,-5073,-29984,-29983,-29987,-29988,-29988,-29989,-29990,-29991]} 1. d4 Nf6 2. c4 e6 3. Nc3 Bb4 4. f3 d5 5. a3 Bxc3+ 6. bxc3 c5 7. cxd5 Nxd5 8. dxc5 f5 9. Nh3 Qa5 {9...Qa5 is better than 9...0-0. E25: Nimzo-Indian: Sämisch: 5...c5 6 f3 d5 7 cxd5.} 10. Nf4 Nc6 11. Nxd5 exd5 {The position is equal.} 12. Qd3 Qxc5 13. Qe3+ Qxe3 14. Bxe3 Be6 15. Bf4 Kf7 16. e3 Kf6 {[#]} 17. Bb5 $146 ({Predecessor:} 17. Rb1 Na5 18. g4 fxg4 19. fxg4 b6 20. Bd3 Bxg4 21. O-O Ke6 22. e4 dxe4 23. Bxe4 Bf5 24. Bxa8 Bxb1 25. Bg2 Bf5 26. Re1+ {½-½ (26) Loeffler,W (2365)-Karachurin,S (2478) ICCF email 2017}) 17... Rac8 18. Kd2 Na5 {White must now prevent ...g5.} 19. Rab1 Rhd8 20. h4 {Threatens to win with Bg5+.} h6 21. h5 Bd7 22. Bg3 {aiming for Bh4+.} Ke6 23. Kd3 Bxb5+ 24. Rxb5 b6 25. Rb4 Rc6 26. Rc1 Nc4 27. a4 Kf7 28. Bf4 Kf6 29. Rc2 Rdc8 30. Ra2 Na5 31. Ra3 Rc4 32. Rb5 Ke6 33. Rb4 Nb7 34. Kd2 R8c6 (34... R4c6 {is more complex.} 35. Rb1 Kf6 36. Rb5 Rd8 37. Ra1 Rc4) 35. Rxc4 (35. Rb1 {seems wilder.} R6c5 36. Rg1 Kf7 37. g4 fxg4 38. Rxg4 Nd8 39. Ra1) 35... dxc4 $11 {[%mdl 4096] Endgame KRB-KRN} 36. Kc2 (36. Bb8 $11 {remains equal.}) 36... Rc8 (36... Rc5 $1 $17) 37. Ra1 Rd8 38. Bc7 Rd7 39. Bb8 Nc5 40. f4 (40. a5 $11) 40... Kf7 (40... Ne4 $17 41. Kb2 Nf2) 41. Be5 $15 Nb3 42. Ra2 $2 {[%mdl 8192] Black keeps a firm grip on the game.} ({White should play} 42. Rg1 $1 $15) 42... Rd2+ $19 43. Kb1 Rd1+ 44. Kb2 Nc5 $1 {[%cal Rc5d3]} 45. Bd4 Nd3+ 46. Ka3 a5 47. Rc2 (47. g3 $142) 47... Ra1+ 48. Ra2 {[#]} Rb1 {[%csl Gc4][%cal Rb1b3]} 49. Rc2 {[#]} Nc1 $1 50. Rxc1 Rxc1 {KR-KB} 51. Kb2 Rg1 52. Bxb6 Rxg2+ 53. Ka3 g6 54. hxg6+ Rxg6 55. Bxa5 Ke8 56. Bc7 h5 {Black mates.} 57. a5 h4 58. e4 h3 59. exf5 Rc6 {Weighted Error Value: White=0.68/Black=0.09} 0-1

[Event "81st ARM-ch 1st League 2021"]
[Site "Yerevan"]
[Date "2021.02.02"]
[Round "11.4"]
[White "Vardanian, Haik G."]
[Black "Babujian, Levon"]
[Result "1/2-1/2"]
[WhiteElo "2389"]
[BlackElo "2440"]
[Annotator "TA"]
[PlyCount "95"]
[EventDate "2021.01.20"]
[EventType "tourn"]
[EventCountry "ARM"]
[SourceTitle "playchess.com"]
[Source "ChessBase"]
[SourceQuality "1"]

{[%evp 13,95,-15,-1,-14,-16,-18,-8,-20,-17,-20,24,0,0,0,0,0,0,0,0,0,2,4,8,0,0,0,0,0,0,0,16,-26,11,0,0,0,0,0,16,0,0,0,0,7,0,0,14,9,36,0,0,0,0,0,12,0,2,0,0,0,0,0,0,0,0,0,24,25,25,25,28,20,26,0,0,0,0,0,0,0,0,0,0,0]} 1. c4 e5 2. Nc3 Nf6 3. Nf3 Nc6 4. e3 Bb4 5. Qc2 O-O 6. Nd5 Re8 7. a3 Bf8 8. Bd3 {was the old line (8.Ng5). A28: English Opening: Four Knights Variation.} g6 9. Nxf6+ Qxf6 10. Be4 d6 11. b4 Bf5 {[#]} 12. d3 $146 ({Predecessor:} 12. Bxf5 e4 13. Bxe4 Qxa1 14. O-O Qh8 15. c5 dxc5 16. bxc5 Nd8 17. Bb2 Bg7 18. d4 {1-0 (40) Rumyantsev,V (2088)-Berger,G (1941) ICCF email 2017}) 12... Bxe4 13. dxe4 a5 14. b5 Nb8 15. a4 Nd7 16. Ba3 Rec8 17. O-O c6 18. Qb3 Qe6 19. Nd2 cxb5 20. Qxb5 Rc7 21. Rab1 b6 22. f4 Rac8 23. Rf3 exf4 24. exf4 Bg7 25. Rd3 Rc6 26. Qd5 Qe8 27. e5 {Black should prevent Ne4.} Nc5 28. Bxc5 Rxc5 29. Qxd6 Qxa4 30. Qxb6 R5c6 31. Qb3 (31. Qb7 {seems wilder.} R6c7 32. Qf3 Qc2 33. Rd1 a4 34. Kh1) 31... Qxb3 32. Rdxb3 Bf8 33. Kf2 a4 34. Rb5 Ra6 35. Ra1 a3 36. Ra2 f6 37. Ke2 fxe5 38. fxe5 Kf7 39. Kd3 Ke6 40. Nb3 Ra4 41. Nd4+ Kf7 42. Rb7+ Kg8 43. e6 Raxc4 {The position is equal.} 44. Nb5 {[#] Strongly threatening e7.} Rb4 {And now ...Rb3+ would win.} 45. e7 Rb3+ 46. Kd4 $1 Rb4+ 47. Kd3 Rb3+ 48. Kd4 $1 {An uneventful encounter.  Weighted Error Value: White=0.06/Black=0.05} 1/2-1/2